| 000 | 00349nam a22001217a 4500 | ||
|---|---|---|---|
| 003 | OSt | ||
| 082 |
_a630 _bGOI/RE |
||
| 245 |
_aReport of the National commission on agriculture1976: _bpart xi research, education and extension |
||
| 260 |
_aNew Delhi _bController of publications _c1976 |
||
| 300 | _aviii,270p. | ||
| 546 | _aEnglish | ||
| 942 |
_2ddc _cBK |
||
| 999 |
_c160778 _d160778 |
||